Britannica Ready Reference Encylo padia (Record no. 4376)

MARC details
000 -LEADER
fixed length control field 00362nam a22001577a 4500
005 - DATE AND TIME OF LATEST TRANSACTION
control field 20260326182437.0
008 - FIXED-LENGTH DATA ELEMENTS--GENERAL INFORMATION
fixed length control field 160628b xxu||||| |||| 00| 0 eng d
020 ## - INTERNATIONAL STANDARD BOOK NUMBER
ISBN 81-8131-098-5
041 ## - LANGUAGE CODE
Language code of text/sound track or separate title eng
082 ## - DEWEY DECIMAL CLASSIFICATION NUMBER
Item number 10714
245 ## - TITLE STATEMENT
Title Britannica Ready Reference Encylo padia
260 ## - PUBLICATION, DISTRIBUTION, ETC. (IMPRINT)
Name of publisher Impulse
300 ## - PHYSICAL DESCRIPTION
Number of Pages 276
650 ## - SUBJECT ADDED ENTRY--TOPICAL TERM
Topical Term Encyclopaedia
942 ## - ADDED ENTRY ELEMENTS (KOHA)
Koha item type Books
Holdings
Lost status Damaged status Collection code Home library Current library Shelving location Date acquired Full call number Accession Number Koha item type
    ENGLISH LITERATURE JRU Library JRU Library SHELF-103-J 28/06/2016 031 10714 Books
    LIFE SKILL JRU Library JRU Library SHELF-103-J 28/06/2016 031 10715 Books
    LIFE SKILL JRU Library JRU Library SHELF-103-J 28/06/2016 031 10716 Books
    LIFE SKILL JRU Library JRU Library SHELF-103-J 28/06/2016 031 10717 Books
    LIFE SKILL JRU Library JRU Library SHELF-103-J 28/06/2016 031 10718 Books
    LIFE SKILL JRU Library JRU Library SHELF-103-J 28/06/2016 031 10719 Books
    LIFE SKILL JRU Library JRU Library SHELF-103-J 28/06/2016 031 10720 Books
    LIFE SKILL JRU Library JRU Library SHELF-103-J 28/06/2016 031 10721 Books
    LIFE SKILL JRU Library JRU Library SHELF-103-J 28/06/2016 031 10722 Books
    LIFE SKILL JRU Library JRU Library SHELF-103-J 28/06/2016 031 10723 Books
    LIFE SKILL JRU Library JRU Library SHELF-103-J 28/06/2016 031 10724 Books
    LIFE SKILL JRU Library JRU Library SHELF-103-J 28/06/2016 031 10725 Books
    LIFE SKILL JRU Library JRU Library SHELF-103-J 28/06/2016 031 10726 Books
    LIFE SKILL JRU Library JRU Library SHELF-103-J 28/06/2016 031 10727 Books
    LIFE SKILL JRU Library JRU Library SHELF-103-J 28/06/2016 031 10728 Books
    LIFE SKILL JRU Library JRU Library SHELF-103-J 28/06/2016 031 10729 Books